|
|
|
|
| LEADER |
00788nam a2200205Ia 4500 |
| 001 |
CTU_175368 |
| 008 |
210402s9999 xx 000 0 und d |
| 082 |
|
|
|a 636.597
|
| 082 |
|
|
|b T500
|
| 088 |
|
|
|a 60620105
|
| 100 |
|
|
|a Dang, Thi My Tu
|
| 245 |
|
0 |
|a Manipulation of the nutritive value of duckweed (lemna minor) as a feed resource for local muscovy ducks :
|
| 245 |
|
0 |
|b Master of science thesis in agricultural sciences animal husbandry
|
| 245 |
|
0 |
|c Dang Thi My Tu ; Nguyen Thi Kim Dong, Thomas Reg Preston (Scientific supervisors)
|
| 260 |
|
|
|a Cần Thơ
|
| 260 |
|
|
|b Trường Đại học Cần Thơ
|
| 260 |
|
|
|c 2012
|
| 650 |
|
|
|a Poultry Feeding and feeds,Thức ăn gia cầm
|
| 904 |
|
|
|i Hải
|
| 980 |
|
|
|a Trung tâm Học liệu Trường Đại học Cần Thơ
|